| Tag |
First Indicator |
Second Indicator |
Subfields |
| LEADER |
00000cjm a2200000 a 4500 |
| 001 |
in00001442921 |
| 005 |
20151020105928.0 |
| 007 |
sd fsngnn|||ed |
| 008 |
940808s1992 gw mun fi lat d |
| 019 |
|
|
|a 31310472
|
| 024 |
0 |
|
|a 730099557528
|
| 028 |
0 |
2 |
|a 8.550575
|b Naxos
|
| 033 |
2 |
0 |
|a 19920407
|a 19920408
|b 5754
|c O9
|
| 035 |
|
|
|a (OCoLC)30902228
|
| 035 |
|
|
|9 AJB4347AM
|
| 040 |
|
|
|a KUK
|c KUK
|d CPL
|d TXA
|d UtOrBLW
|
| 041 |
0 |
|
|d lat
|g eng
|
| 047 |
|
|
|a mo
|a ms
|
| 048 |
|
|
|a ca
|
| 049 |
|
|
|a TXAM
|
| 090 |
|
|
|a M2011.V5
|b O94 1992
|
| 110 |
2 |
|
|a Oxford Camerata,
|e performer.
|
| 245 |
1 |
0 |
|a Masses /
|c Victoria.
|
| 264 |
|
1 |
|a [Germany] :
|b Naxos ;
|c [1992]
|
| 264 |
|
2 |
|a Munich, Germany :
|b Distributed by MVD Music and Video Distribution,
|
| 264 |
|
4 |
|c ℗1992
|
| 300 |
|
|
|a 1 sound disc :
|b digital, stereo. ;
|c 4 3/4 in.
|
| 306 |
|
|
|a 000137
|a 001900
|a 000425
|a 002100
|a 000212
|a 000500
|a 000515
|
| 336 |
|
|
|a performed music
|b prm
|2 rdacontent
|
| 337 |
|
|
|a audio
|b s
|2 rdamedia
|
| 338 |
|
|
|a audio disc
|b sd
|2 rdacarrier
|
| 490 |
1 |
|
|a Early music =
|a Alte Musik
|
| 500 |
|
|
|a Compact disc.
|
| 500 |
|
|
|a Masses and motets.
|
| 546 |
|
|
|a Sung in Latin.
|
| 500 |
|
|
|a Title from container spine.
|
| 511 |
0 |
|
|a Oxford Camerata ; Jeremy Summerly, conductor.
|
| 518 |
|
|
|a Recorded in the Chapel of New College, Oxford, Apr. 7-8, 1992.
|
| 500 |
|
|
|a Program notes by Edward Wickham (4 pages) inserted in container.
|
| 505 |
0 |
|
|a Ave Maria (1:37) ; Missa O magnum mysterium (19:00) ; O magnum mysterium (4:25) ; Missa O quam gloriosum (21:00) ; O quam gloriosum (2:12) ; Ardens est cor meum (5:00) / Tomás Luis de Victoria -- Versa est in luctum / Alonso Lobo (5:15).
|
| 500 |
|
|
|a Sound recording.
|
| 650 |
|
0 |
|a Masses, Unaccompanied.
|
| 650 |
|
0 |
|a Motets.
|
| 650 |
|
0 |
|a Choruses, Sacred (Mixed voices), Unaccompanied.
|
| 700 |
1 |
|
|a Summerly, Jeremy,
|e conductor.
|
| 700 |
1 |
2 |
|a Victoria, Tomás Luis de,
|d approximately 1548-1611.
|t Ave Maria,
|m voices (4)
|
| 700 |
1 |
2 |
|a Victoria, Tomás Luis de,
|d approximately 1548-1611.
|t Masses
|n (1592).
|p Missa O magnum mysterium.
|
| 700 |
1 |
2 |
|a Victoria, Tomás Luis de,
|d approximately 1548-1611.
|t Motets
|n (1572).
|p O magnum mysterium.
|
| 700 |
1 |
2 |
|a Victoria, Tomás Luis de,
|d approximately 1548-1611.
|t Masses
|n (1583).
|p Missa O quam gloriosum.
|
| 700 |
1 |
2 |
|a Victoria, Tomás Luis de,
|d approximately 1548-1611.
|t Motets
|n (1572).
|p O quam gloriosum.
|
| 700 |
1 |
2 |
|a Victoria, Tomás Luis de,
|d approximately 1548-1611.
|t Missae, Psalmi, Magnificat, ad Virginem Dei Matrem salutiones, aliaque.
|p Ardens est cor meum.
|
| 700 |
1 |
2 |
|a Lobo, Alonso,
|d 1555-1617.
|t Liber Missarum.
|p Versa est in luctum.
|
| 740 |
0 |
2 |
|a Ave Maria.
|
| 740 |
0 |
2 |
|a Missa O magnum mysterium.
|
| 740 |
0 |
2 |
|a O magnum mysterium.
|
| 740 |
0 |
2 |
|a Missa O quam gloriosum.
|
| 740 |
0 |
2 |
|a O quam gloriosum.
|
| 740 |
0 |
2 |
|a Ardens est cor meum.
|
| 740 |
0 |
2 |
|a Versa est in luctum.
|
| 830 |
|
0 |
|a Early music (Naxos (Sound recording label))
|
| 948 |
|
|
|a c:fp
|
| 999 |
|
|
|a MARS
|
| 999 |
f |
f |
|s 2be5ea61-bd8b-3b0d-9774-1457ca3e9ece
|i e0f12cfd-71df-397a-8e6c-348422dea327
|t 0
|
| 952 |
f |
f |
|p ric
|a Texas A&M University
|b Rellis Campus
|c Joint Library Facility
|d Remote Storage
|t 0
|e M2011.V5 O94 1992
|h Library of Congress classification
|i audio -- audio disc
|m A14823529567
|
| 998 |
f |
f |
|a M2011.V5 O94 1992
|t 0
|l Remote Storage
|